00447 a2200145 4500010001400000020002300014035001300037037001800050082001000068100002200078245006100100260003800161270007300199300002900272 aENG-85548 c125.00a8175963638 aEN-69081 bD.B.Act / ven14a632.91 aVijayalakshmi, K.1 aNon chemical mehods of pest controlcby K. Vijayalakshmi aNew DelhibFoundation Booksc2006 a4381/4, Cambridge House, Ansari Road, Darya GanjbNew Delhie110 002 a64 p.c22 cm (Hb.)bill.